00532nam a22001577a 450000500170000001000150001702000260003203500150005803700130007308200060008610000200009224500690011226000480018127000800022930000650030920221227130402.0 aENG-135950 a9789390961382c395.00 aEN-1194581 bDBAD/PUB aS aAdhicary, Subir aFew torn pages from India's freedom struggle/cby Subir Adhicary aNew DelhibVitasta Publishing Pvt Ltdc2023 a2/15, Ansari Road, DaryaganjbNew Delhie110002minfo@vitastapublishing.com axi, 145p. bEpilogue, Picture Gallery, Referencesc20cm(pbk)